000 00598nam a22001937a 4500
008 130310t xxu||||| |||| 00| 0 eng d
020 _a9-7818-5479
082 _222 ed.
_a346.02 CHI
100 _aChitty
_96778
245 _aCitty on contracts Vol. II. Specific contracts /
_cChitty
250 _a30 ed.
260 _aLondon :
_bThomson Reuters
_c2008
300 _acccxcvi, 1928 P. ;
_c24 cm.
500 _aIncludes Index
650 _aContracts-Specific contracts
_97064
650 _aContracts
_96673
650 _aChitty on contracts Vol. II. Specific contracts
_97065
942 _2ddc
_cBK
999 _c5325
_d5325